[Event "POL-chT 2nd League"]
[Site "Lazy"]
[Date "2012.09.07"]
[Round "7"]
[White "Barburzynska, Magdalena"]
[Black "Warakomska, Anna"]
[Result "0-1"]
[WhiteElo "1913"]
[BlackElo "2136"]
[PlyCount "80"]
[EventDate "2012.09.01"]
[EventType "team-swiss"]
[EventRounds "9"]
[EventCountry "POL"]
[SourceTitle "EXT 2019"]
[Source "ChessBase"]
[SourceDate "2018.10.10"]
[SourceVersion "1"]
[SourceVersionDate "2018.10.10"]
[SourceQuality "1"]
[WhiteTeam "Gant Hetman"]
[BlackTeam "Czestochowa UKS Hetman"]
[WhiteTeamCountry "POL"]
[BlackTeamCountry "POL"]

1. e4 e5 2. f4 exf4 3. Nf3 Ne7 4. d4 d5 5. e5 Ng6 6. h4 h5 7. Bd3 Be7 8. Bxg6 fxg6 9. Bxf4 Rf8 10. Qd2 Bg4 11. Ng5 Qd7 12. Nc3 Nc6 13. 0-0 Nd8 14. Qd3 Bf5 15. Qf3 c6 16. e6 Nxe6 17. Nxe6 Bxe6 18. Qe3 Bf6 19. Rae1 Kf7 20. Be5 Bf5 21. Ne2 Bxh4 22. g3 Bf6 23. Nf4 Bg5 24. Qb3 Bxf4 25. Bxf4 Rae8 26. Re5 Kg8 27. Qa3 Be4 28. Rf2 Qh3 29. Rh2 Qg4 30. Rxe8 Qd1+ 31. Kf2 Rxe8 32. Qe3 g5 33. Bxg5 Rf8+ 34. Bf4 Qxc2+ 35. Kg1 Qd1+ 36. Kf2 g5 37. Qe1 Qf3+ 38. Kg1 gxf4 39. g4 Qxg4+ 40. Kf1 Bd3+ 0-1

[Event "Polanica Zdroj op-B 48th"]
[Site "Polanica Zdroj"]
[Date "2012.08.19"]
[Round "2"]
[White "Barburzynska, Magdalena"]
[Black "Lizak, Grzegorz"]
[Result "1/2-1/2"]
[WhiteElo "1935"]
[BlackElo "1773"]
[PlyCount "76"]
[EventDate "2012.08.18"]
[EventType "swiss"]
[EventRounds "9"]
[EventCountry "POL"]
[SourceTitle "EXT 2014"]
[Source "ChessBase"]
[SourceDate "2013.11.20"]
[SourceVersion "1"]
[SourceVersionDate "2013.11.20"]
[SourceQuality "1"]

1. e4 e5 2. Nf3 Nc6 3. Bb5 a6 4. Ba4 Bc5 5. c3 Qf6 6. 0-0 Nge7 7. Re1 b5 8. Bb3 d6 9. d3 h6 10. Be3 Bg4 11. Nbd2 0-0 12. h3 Bxf3 13. Nxf3 Na5 14. Bc2 Bxe3 15. fxe3 c5 16. Rf1 Qe6 17. b4 cxb4 18. cxb4 Nac6 19. Bb3 Qd7 20. a3 a5 21. bxa5 Rxa5 22. Nh4 Qa7 23. Qc1 Nb8 24. Nf5 Nxf5 25. exf5 Nd7 26. Kh2 Ra8 27. Bd5 Rb8 28. Qc3 Nb6 29. Bb3 Kf8 30. Qb4 Ke7 31. d4 Nc4 32. dxe5 Nxe5 33. f6+ gxf6 34. Qf4 Nd7 35. Qe4+ Ne5 36. Qf4 Nd7 37. Qe4+ Ne5 38. Qf4 Nd7 1/2-1/2

[Event "Wroclaw op-B 7th"]
[Site "Wroclaw"]
[Date "2012.07.09"]
[Round "8"]
[White "Zaporowski, Michal"]
[Black "Barburzynska, Magdalena"]
[Result "0-1"]
[WhiteElo "1640"]
[BlackElo "1949"]
[PlyCount "172"]
[EventDate "2012.07.02"]
[EventType "swiss"]
[EventRounds "9"]
[EventCountry "POL"]
[SourceTitle "EXT 2013"]
[Source "ChessBase"]
[SourceDate "2012.11.22"]
[SourceVersion "1"]
[SourceVersionDate "2012.11.22"]
[SourceQuality "1"]

1. e4 c5 2. Nc3 Nc6 3. g3 g6 4. Bg2 Bg7 5. Nge2 d6 6. d3 e5 7. Nd5 Be6 8. 0-0 Qd7 9. f4 f5 10. fxe5 dxe5 11. Nec3 Nge7 12. exf5 Bxf5 13. Bh6 Nxd5 14. Nxd5 0-0 15. Bxg7 Kxg7 16. Qd2 Rad8 17. Qg5 h6 18. Qe3 Qd6 19. Rae1 Rde8 20. Nc3 Nd4 21. Rf2 b6 22. Ref1 h5 23. Ne4 Bxe4 24. Qxe4 Rxf2 25. Rxf2 Re7 26. Qa8 Rd7 27. c4 Nf5 28. Bd5 Rd8 29. Qxa7+ Rd7 30. Qa8 Rd8 31. Qa4 Rd7 32. Qd1 Ne3 33. Qf3 Nxd5 34. cxd5 b5 35. a3 Kh7 36. Kf1 Qxd5 37. Qxd5 Rxd5 38. Ke2 Kg7 39. Ke3 Rd8 40. Rf3 Rd4 41. h3 b4 42. Rf2 c4 43. Rd2 Kf6 44. dxc4 Rxc4 45. a4 b3 46. Rd3 Rxa4 47. Rxb3 Kf5 48. Rb8 Rc4 49. Rf8+ Ke6 50. Rf2 Rb4 51. Rc2 Rb3+ 52. Kf2 Kf5 53. Re2 g5 54. Kg2 e4 55. g4+ hxg4 56. hxg4+ Kf4 57. Kf1 Kf3 58. Rg2 e3 59. Rc2 Rb4 60. Rh2 Kxg4 61. Rg2+ Kf4 62. Rh2 g4 63. Rh8 Rxb2 64. Re8 Kf3 65. Rf8+ Kg3 66. Re8 e2+ 67. Ke1 Kg2 68. Rg8 Kf3 69. Rf8+ Ke4 70. Rg8 Kf4 71. Rf8+ Kg3 72. Rg8 Rb4 73. Kxe2 Kg2 74. Ke3 g3 75. Ke2 Re4+ 76. Kd3 Re6 77. Kd2 Kf2 78. Rf8+ Kg1 79. Rg8 g2 80. Rg7 Re4 81. Kd3 Rh4 82. Ke2 Kh1 83. Kf2 Rf4+ 84. Ke3 Rf5 85. Rh7+ Kg1 86. Rg7 Kf1 0-1

[Event "Wroclaw op-B 7th"]
[Site "Wroclaw"]
[Date "2012.07.07"]
[Round "6"]
[White "Stankowski, Aleksander"]
[Black "Barburzynska, Magdalena"]
[Result "1-0"]
[WhiteElo "1884"]
[BlackElo "1949"]
[PlyCount "155"]
[EventDate "2012.07.02"]
[EventType "swiss"]
[EventRounds "9"]
[EventCountry "POL"]
[SourceTitle "EXT 2013"]
[Source "ChessBase"]
[SourceDate "2012.11.22"]
[SourceVersion "1"]
[SourceVersionDate "2012.11.22"]
[SourceQuality "1"]

1. Nf3 c5 2. g3 Nc6 3. Bg2 e5 4. d3 g6 5. 0-0 Bg7 6. Nc3 Nge7 7. e4 0-0 8. Nh4 d6 9. f4 exf4 10. Bxf4 h6 11. Be3 Nd4 12. Rb1 a5 13. Qd2 Kh7 14. Ne2 Nxe2+ 15. Qxe2 Be6 16. c4 Nc6 17. Kh1 Qd7 18. Qd2 Rab8 19. Nf5 gxf5 20. exf5 f6 21. fxe6 Qxe6 22. Rbe1 Ne5 23. Rf5 Qxf5 24. Be4 Qxe4+ 25. dxe4 Nf3 26. Qd1 Nxe1 27. Qxe1 b5 28. Bf4 Rb6 29. Qxa5 Rfb8 30. Qc3 bxc4 31. Bc1 Re8 32. Qf3 c3 33. b3 Rb4 34. Qxc3 Rbxe4 35. Bd2 f5 36. Qf3 Kg6 37. h4 h5 38. a4 Bd4 39. a5 d5 40. Qf1 Be3 41. Bxe3 Rxe3 42. Qf4 d4 43. Qg5+ Kf7 44. Qxf5+ Kg7 45. Qg5+ Kf7 46. Qxh5+ Kg7 47. Qg5+ Kf7 48. Qf5+ Kg7 49. h5 R8e6 50. Kg2 Re2+ 51. Kh3 R2e5 52. Qg4+ Kh7 53. Qf3 Kh6 54. Kh4 Re3 55. Qf8+ Kh7 56. Qf7+ Kh8 57. Qf8+ Kh7 58. a6 Rxa6 59. Qxc5 Re4+ 60. g4 Rae6 61. Qf5+ Kh8 62. Qf8+ Kh7 63. Qf7+ Kh8 64. Qd7 Re7 65. Qd8+ Kh7 66. b4 Rg7 67. Qc8 Rge7 68. Qf5+ Kh8 69. Qf6+ Kh7 70. Qf5+ Kh8 71. Qd5 R7e5 72. Qd8+ Kh7 73. b5 Re8 74. Qd5 Kg7 75. Qg5+ Kf7 76. Qg6+ Kf8 77. h6 R8e7 78. h7 1-0

[Event "POL-chT 2nd League"]
[Site "Mrzezyno"]
[Date "2011.09.06"]
[Round "4"]
[White "Filipek, Halina"]
[Black "Barburzynska, Magdalena"]
[Result "0-1"]
[WhiteElo "1729"]
[BlackElo "1932"]
[PlyCount "54"]
[EventDate "2011.09.03"]
[EventType "team-swiss"]
[EventRounds "9"]
[EventCountry "POL"]
[SourceTitle "EXT 2015"]
[Source "ChessBase"]
[SourceDate "2014.11.20"]
[SourceVersion "1"]
[SourceVersionDate "2014.11.20"]
[SourceQuality "1"]
[WhiteTeam "Grudziadz Rotmistrz II"]
[BlackTeam "Wroclaw Hetman"]
[WhiteTeamCountry "POL"]
[BlackTeamCountry "POL"]

1. d4 g6 2. Nf3 Bg7 3. Bf4 d6 4. e3 Nd7 5. Be2 Ngf6 6. h3 c5 7. c3 0-0 8. 0-0 b6 9. Nbd2 Bb7 10. Qb3 d5 11. a4 c4 12. Qa3 a6 13. b3 b5 14. Qb2 Bc6 15. axb5 axb5 16. Rxa8 Qxa8 17. bxc4 dxc4 18. Bg3 Nb6 19. Rc1 Na4 20. Qa3 Nd5 21. Ne1 Bh6 22. Bf3 Nxe3 23. Bxc6 Qxc6 24. Nef3 Nd5 25. Rc2 Bxd2 26. Nxd2 Naxc3 27. Qc1 Ne2+ 0-1

[Event "POL-chT 2nd League"]
[Site "Mrzezyno"]
[Date "2011.09.03"]
[Round "1"]
[White "Barburzynska, Magdalena"]
[Black "Dziodzio, Angelika"]
[Result "1/2-1/2"]
[WhiteElo "1932"]
[BlackElo "1939"]
[PlyCount "159"]
[EventDate "2011.09.03"]
[EventType "team-swiss"]
[EventRounds "9"]
[EventCountry "POL"]
[SourceTitle "EXT 2015"]
[Source "ChessBase"]
[SourceDate "2014.11.20"]
[SourceVersion "1"]
[SourceVersionDate "2014.11.20"]
[SourceQuality "1"]
[WhiteTeam "Wroclaw Hetman"]
[BlackTeam "Rybnik MKSz"]
[WhiteTeamCountry "POL"]
[BlackTeamCountry "POL"]

1. e4 c5 2. Nf3 d6 3. d4 cxd4 4. Nxd4 Nf6 5. Nc3 Nc6 6. Bg5 Bd7 7. Nb3 h6 8. Bxf6 gxf6 9. Qd2 e6 10. Nb5 d5 11. exd5 exd5 12. Qxd5 Qe7+ 13. Be2 0-0-0 14. Qc4 Kb8 15. Qf4+ Ne5 16. 0-0-0 Rc8 17. Kb1 a6 18. Nd6 Rc6 19. Nc4 Ka8 20. Ne3 Be6 21. Qd4 Nd7 22. Bf3 Rd6 23. Qe4 Rxd1+ 24. Rxd1 Qb4 25. Qxb4 Bxb4 26. a3 Be7 27. Na5 Rb8 28. Nd5 Bd8 29. Nc4 Ka7 30. Nce3 Ne5 31. Be2 Ng6 32. g3 Rc8 33. Bh5 f5 34. Bxg6 fxg6 35. Nf4 Bf7 36. Rd7 Be8 37. Rg7 g5 38. Ne6 Bf6 39. Rc7 Rxc7 40. Nxc7 Bd7 41. Ncd5 Be5 42. Kc1 Be6 43. f4 Bd6 44. Kd2 b5 45. Kd3 Kb7 46. Kd4 Kc6 47. Nb4+ Kb7 48. Nd3 Kc7 49. c4 bxc4 50. Nxc4 Bf8 51. Nce5 Kb6 52. b4 Be7 53. Nc5 Bc8 54. Kc4 g4 55. a4 h5 56. a5+ Kc7 57. b5 axb5+ 58. Kxb5 h4 59. Ng6 hxg3 60. hxg3 Bd6 61. Nh4 Be7 62. Ng2 Bf6 63. Ne3 Bd4 64. Nf1 Kd6 65. Nb3 Bf2 66. a6 Bd7+ 67. Kb4 Kc6 68. Kc4 Be6+ 69. Kc3 Kb6 70. Nd4 Bc8 71. a7 Kxa7 72. Ne2 Ba6 73. Kd2 Kb6 74. Ne3 Bc8 75. Nd4 Bxg3 76. Ndxf5 Bxf4 77. Ke2 Bxf5 78. Nxf5 Kc5 79. Kf2 Kd5 80. Ng3 1/2-1/2

[Event "Rewal op-B 16th"]
[Site "Rewal"]
[Date "2011.08.19"]
[Round "1"]
[White "Barburzynska, Magdalena"]
[Black "Tomczak, Mikolaj"]
[Result "1/2-1/2"]
[WhiteElo "1936"]
[BlackElo "1693"]
[PlyCount "66"]
[EventDate "2011.08.18"]
[EventType "swiss"]
[EventRounds "9"]
[EventCountry "POL"]
[SourceTitle "CBM 144 Extra"]
[Source "ChessBase"]
[SourceDate "2011.10.28"]
[SourceVersion "1"]
[SourceVersionDate "2011.10.28"]
[SourceQuality "1"]

1. e4 c5 2. Nf3 Nc6 3. d4 cxd4 4. Nxd4 Nf6 5. Nc3 d6 6. Bg5 e6 7. Qd2 a6 8. 0-0-0 Bd7 9. f4 h6 10. Bh4 Nxe4 11. Nxe4 Qxh4 12. Nf3 Qe7 13. Qxd6 Qxd6 14. Nxd6+ Bxd6 15. Rxd6 Ke7 16. Rd2 Nb4 17. Ne5 Bc6 18. Nxc6+ bxc6 19. a3 Nd5 20. g3 g5 21. fxg5 hxg5 22. Bg2 Rad8 23. Bf3 f5 24. h4 gxh4 25. gxh4 e5 26. Bxd5 cxd5 27. Rg2 Rdg8 28. Rxg8 Rxg8 29. h5 f4 30. h6 Ke6 31. h7 Rh8 32. Kd2 e4 33. b4 d4 1/2-1/2

[Event "POL-chT U19 1st League"]
[Site "Ustron"]
[Date "2011.??.??"]
[Round "2.5"]
[White "Delekta, Anna"]
[Black "Barburzynska, Magdalena"]
[Result "0-1"]
[WhiteElo "1699"]
[BlackElo "1936"]
[PlyCount "74"]
[EventDate "2011.06.24"]
[EventType "team-tourn"]
[EventRounds "9"]
[EventCountry "POL"]
[SourceTitle "EXT 2015"]
[Source "ChessBase"]
[SourceDate "2014.11.20"]
[SourceVersion "1"]
[SourceVersionDate "2014.11.20"]
[SourceQuality "1"]
[WhiteTeam "Gorzow Wielkopolski Stilon U19 II"]
[BlackTeam "Legnica Miedz U19"]
[WhiteTeamCountry "POL"]
[BlackTeamCountry "POL"]

1. e4 c5 2. Nf3 d6 3. d4 cxd4 4. Nxd4 Nf6 5. Nc3 a6 6. Bg5 e6 7. f4 Qb6 8. Qd2 Qxb2 9. Rb1 Qa3 10. Be2 Nc6 11. Rd1 Be7 12. Bf3 Nxd4 13. Qxd4 Qa5 14. e5 dxe5 15. fxe5 Bb4 16. Bd2 Nd7 17. Rb1 Bc5 18. Qg4 0-0 19. Ne4 Qc7 20. Rb3 Qxe5 21. Bc3 Bd4 22. Bxd4 Qxd4 23. Qh5 Nf6 24. Nxf6+ Qxf6 25. Rf1 Qa1+ 26. Ke2 Qxa2 27. Be4 f5 28. Rh3 h6 29. Bd3 Qd5 30. g4 Qe5+ 31. Re3 Qd6 32. gxf5 exf5 33. Rg1 Bd7 34. Rg6 Qd4 35. Qxh6 Rae8 36. Qg5 Rxe3+ 37. Qxe3 Re8 0-1

[Event "POL-chT 2st League"]
[Site "Mrzezyno"]
[Date "2010.09.05"]
[Round "2.36"]
[White "Barburzynska, Magdalena"]
[Black "Halamus, Agata"]
[Result "1/2-1/2"]
[WhiteElo "1897"]
[BlackElo "2003"]
[PlyCount "126"]
[EventDate "2010.09.04"]
[EventType "team-swiss"]
[EventRounds "9"]
[EventCountry "POL"]
[SourceTitle "EXT 2019"]
[Source "ChessBase"]
[SourceDate "2018.10.10"]
[SourceVersion "1"]
[SourceVersionDate "2018.10.10"]
[SourceQuality "1"]
[WhiteTeam "Wroclaw Hetman"]
[BlackTeam "Mikolow AKS"]
[WhiteTeamCountry "POL"]
[BlackTeamCountry "POL"]

1. e4 e5 2. Nf3 Nc6 3. Bb5 a6 4. Ba4 Nf6 5. 0-0 Be7 6. Re1 b5 7. Bb3 d6 8. c3 0-0 9. h3 Na5 10. Bc2 c5 11. d4 Qc7 12. Nbd2 Re8 13. Nf1 Bd7 14. d5 c4 15. Bg5 Nb7 16. Ne3 Nc5 17. Nf5 Bxf5 18. exf5 Qb7 19. Bxf6 Bxf6 20. Nd2 Rac8 21. Ne4 Nxe4 22. Bxe4 a5 23. Rb1 b4 24. Qh5 Qe7 25. Re3 Rb8 26. Rg3 Rb5 27. Qe2 Rc5 28. Qd2 Rb8 29. Rg4 Kf8 30. Rg3 h6 31. Qe1 Bg5 32. Rf3 Bf6 33. g3 Qd7 34. Qd1 Bd8 35. Kg2 f6 36. g4 Bb6 37. Rc1 Ba7 38. b3 cxb3 39. axb3 bxc3 40. Rfxc3 Rb4 41. Rxc5 Bxc5 42. Qf3 Qb7 43. Rc3 Rd4 44. Rd3 Rb4 45. Rc3 Bd4 46. Rd3 Qb6 47. g5 hxg5 48. Qh5 Qb8 49. Qh8+ Kf7 50. Qh5+ Ke7 51. Qh7 Qf8 52. Bf3 Bc5 53. Bg4 Rf4 54. Rd2 Kd7 55. Ra2 Qf7 56. f3 Rb4 57. Bh5 Qf8 58. Rxa5 Rxb3 59. Ra2 Kc7 60. Qg6 Rd3 61. Qf7+ Qxf7 62. Bxf7 Ra3 63. Rxa3 Bxa3 1/2-1/2

[Event "Polanica Zdroj op-B 46th"]
[Site "Polanica Zdroj"]
[Date "2010.08.23"]
[Round "6"]
[White "Barburzynska, Magdalena"]
[Black "Jasnikowska, Malgorzata"]
[Result "1-0"]
[WhiteElo "1923"]
[BlackElo "1679"]
[PlyCount "33"]
[EventDate "2010.08.18"]
[EventType "swiss"]
[EventRounds "9"]
[EventCountry "POL"]
[SourceTitle "CBM 138 Extra"]
[Source "ChessBase"]
[SourceDate "2010.10.29"]
[SourceVersion "1"]
[SourceVersionDate "2010.10.29"]
[SourceQuality "1"]

1. e4 c5 2. Nf3 d6 3. d4 cxd4 4. Nxd4 Nf6 5. Nc3 a6 6. Be2 e6 7. f4 Be7 8. 0-0 0-0 9. Kh1 Qc7 10. Qe1 b5 11. a3 Nbd7 12. Bf3 Rb8 13. e5 Nd5 14. Bxd5 exd5 15. Nxd5 Qd8 16. Nc6 Qe8 17. Nc7 1-0

[Event "POL-chT U19 1st League"]
[Site "Suchedniow"]
[Date "2010.07.09"]
[Round "4"]
[White "Barburzynska, Magdalena"]
[Black "Rosiak, Agata"]
[Result "0-1"]
[WhiteElo "1923"]
[BlackElo "1854"]
[PlyCount "124"]
[EventDate "2010.07.06"]
[EventType "team-tourn"]
[EventRounds "9"]
[EventCountry "POL"]
[SourceTitle "EXT 2019"]
[Source "ChessBase"]
[SourceDate "2018.10.10"]
[SourceVersion "1"]
[SourceVersionDate "2018.10.10"]
[SourceQuality "1"]
[WhiteTeam "Wroclaw KS Polonia U19 II"]
[BlackTeam "Gorzow Wielkopolski Stilon U19 II"]
[WhiteTeamCountry "POL"]
[BlackTeamCountry "POL"]

1. e4 c5 2. Nf3 d6 3. d4 cxd4 4. Nxd4 Nf6 5. Nc3 a6 6. f3 e6 7. Be3 b5 8. Qd2 Nbd7 9. a4 b4 10. Na2 d5 11. Nxb4 dxe4 12. Rd1 exf3 13. gxf3 Bxb4 14. Qxb4 Nd5 15. Qa3 Nxe3 16. Qxe3 Qa5+ 17. c3 Qxa4 18. Bd3 Nf6 19. Bc2 Qc4 20. Qg5 Rg8 21. Bb3 Qc7 22. Qe3 Kf8 23. 0-0 Rb8 24. Rfe1 g5 25. Qe5 Qxe5 26. Rxe5 Nd7 27. Ra5 e5 28. Ba4 exd4 29. Rxd4 Nf6 30. Rd8+ Ke7 31. Rxg8 Nxg8 32. Rxg5 Nf6 33. b4 Be6 34. Ra5 Rc8 35. Rxa6 Rxc3 36. Ra7+ Kd6 37. b5 Nd5 38. Ra6+ Kc5 39. Kf2 Nb6 40. Ra7 Nxa4 41. Rxa4 Kxb5 42. Rh4 Bf5 43. Kg3 Bg6 44. Rd4 Kc5 45. Ra4 Kd5 46. Ra5+ Rc5 47. Ra8 Ke5 48. Re8+ Kf6 49. Re3 Kg5 50. Ra3 f5 51. h4+ Kf6 52. Ra6+ Ke5 53. Ra3 Rc4 54. Ra5+ Kf6 55. Ra6+ Kg7 56. Ra3 Kh6 57. Ra5 Kh5 58. Re5 Rxh4 59. Re1 Rc4 60. Kf2 Kg5 61. Rg1+ Kf4 62. Rh1 Rc2+ 0-1

[Event "Wroclaw Oct op"]
[Site "Wroclaw"]
[Date "2010.??.??"]
[Round "2"]
[White "Barburzynska, Magdalena"]
[Black "Antoniewicz, Jakub"]
[Result "1/2-1/2"]
[WhiteElo "1945"]
[BlackElo "1781"]
[PlyCount "140"]
[EventDate "2010.10.22"]
[EventType "swiss"]
[EventRounds "5"]
[EventCountry "POL"]
[SourceTitle "EXT 2011"]
[Source "ChessBase"]
[SourceDate "2010.11.26"]
[SourceVersion "1"]
[SourceVersionDate "2010.11.26"]
[SourceQuality "1"]

1. e4 c5 2. Nf3 d6 3. d4 cxd4 4. Nxd4 Nf6 5. f3 a6 6. c4 e5 7. Nc2 Be6 8. Nc3 Qc7 9. Bg5 Nbd7 10. Ne3 Be7 11. Rc1 h6 12. Bxf6 Nxf6 13. Qa4+ Qc6 14. Ned5 Bxd5 15. cxd5 Qxa4 16. Nxa4 Bd8 17. g3 Ba5+ 18. Ke2 g5 19. Bh3 0-0 20. b3 Rfb8 21. Nb2 b5 22. Rc6 Bb4 23. Nd3 Ba3 24. Nxe5 Re8 25. Ng4 Kg7 26. Nxf6 Kxf6 27. Kd3 a5 28. f4 Kg7 29. Rb6 Rab8 30. Rxb8 Rxb8 31. e5 dxe5 32. fxe5 Re8 33. Re1 Re7 34. Re2 f6 35. e6 Bd6 36. Rc2 Rc7 37. Rc6 Rxc6 38. dxc6 Kf8 39. Ke4 h5 40. Bf1 b4 41. Kf5 Ke7 42. Bc4 h4 43. gxh4 gxh4 44. h3 Be5 45. Kg4 Bg3 46. c7 Bxc7 47. Kxh4 f5 48. Kg5 f4 49. Kg6 f3 50. h4 Be5 51. h5 f2 52. Kf5 Bc3 53. h6 Kf8 54. Kg6 Be5 55. Kh7 Bf6 56. Bd3 Bg5 57. Kg6 Be3 58. Kf6 Bd4+ 59. Kf5 Ke7 60. Ke4 Bc3 61. Kf3 Kxe6 62. Kxf2 Bh8 63. Ke3 Ke5 64. Bc4 Bf6 65. h7 Kf5 66. Bf7 Kg5 67. Bc4 Kh6 68. Bd3 Kg7 69. Kf4 Bd8 70. Kf5 Kxh7 1/2-1/2

[Event "Wroclaw Oct op"]
[Site "Wroclaw"]
[Date "2010.??.??"]
[Round "4"]
[White "Barburzynska, Magdalena"]
[Black "Krupa, Anna"]
[Result "1/2-1/2"]
[WhiteElo "1945"]
[BlackElo "1854"]
[PlyCount "50"]
[EventDate "2010.10.22"]
[EventType "swiss"]
[EventRounds "5"]
[EventCountry "POL"]
[SourceTitle "EXT 2011"]
[Source "ChessBase"]
[SourceDate "2010.11.26"]
[SourceVersion "1"]
[SourceVersionDate "2010.11.26"]
[SourceQuality "1"]

1. e4 c5 2. Nf3 d6 3. d4 cxd4 4. Nxd4 Nf6 5. f3 a6 6. c4 Nc6 7. Nc3 g6 8. Be3 Bg7 9. Qd2 Bd7 10. Be2 Rc8 11. Rc1 0-0 12. 0-0 Nxd4 13. Bxd4 Be6 14. b3 Nd7 15. Bxg7 Kxg7 16. Qd4+ Kg8 17. Rfd1 Qb6 18. Qxb6 Nxb6 19. Rd2 Rc7 20. Rcd1 Kg7 21. Kf2 Rfc8 22. Bf1 Nd7 23. Nd5 Bxd5 24. Rxd5 Nb6 25. R5d4 a5 1/2-1/2